Mots de la langue française terminés par "bie" - Statistiques

Statistiques générales
  • Ce quiz a été pris 171 fois
    152 depuis la dernière actualisation
  • Le résultat moyen est 8 sur 15
Statistiques - réponses
Indice Mot % Correct
pays Namibie
85%
qui peut être utilisé sur terre ou dans l'eau amphibie
83%
peur phobie
81%
revenant zombie
75%
pays Colombie
67%
pays Gambie
63%
pays Serbie
63%
pays Zambie
62%
caprice lubie
61%
supportée subie
47%
assommée (familier) estourbie
39%
sidérée ébaubie
28%
astiquée fourbie
26%
poisson gobie
17%
insecte anobie
0%
Aucun quiz correspondant
Distribution des résultats
% des personnes avec chaque résultat
Percentile par nombre de réponses
Votre historique - résultats
Vous n’avez pas pris ce quiz depuis la dernière actualisation